Egy komoly fesztivál után Falusi Színjátszók Országos Fesztiválja Szepsiben és Buzitán

Bibliographic Details
Main Author: Juhász Dósa, János, 1969- (Author)
Format: Article
Language:Hungarian
Slovak
Subjects:

MARC

LEADER 00000nab a2200000 a 4500
001 vtls000927627
003 SK-MaSNL
005 20260318133215.0
008 040720e20011205xo 0 hun
035 |a KE36504 
040 |a KEVKJB  |b slo  |c KEVKJB  |e AACR2 
041 1 |h slo 
044 |a xo  |c SK 
080 |a 792.077  |2 1981 
100 1 |a Juhász Dósa, János,  |d 1969-   |4 aut  |9 667976 
245 1 0 |a Egy komoly fesztivál után  |b Falusi Színjátszók Országos Fesztiválja Szepsiben és Buzitán 
650 0 7 |a amatérske divadlo  |2 KEVKJB  |9 3348 
650 0 7 |a festivaly  |2 KEVKJB  |9 3406 
651 7 |a Moldava nad Bodvou (Slovensko)   |2 KEVKJB  |9 20255 
651 7 |a Buzica (Slovensko)  |2 KEVKJB  |9 28686 
651 7 |a KS,  |2 KEVKJB  |9 880381 
655 7 |a periodikum  |2 snkbucl  |9 29553 
773 0 8 |t Szabad Újság  |g Roč. 9  |g Roč. 28, č.49, 5.12.2001, s. 8 
852 |a ZVYKNI  |b KIS3GCP 
999 |c 2101349  |d 2103279